Science and technology policy for the 1980s

Đã lưu trong:
Sonraí Bibleagrafaíochta
Formáid: Leabhar
Teanga:Undetermined
Foilsithe: Washington, D.C. Organisation for Economic Co-operation and Development 1981
Ábhair:
Clibeanna: Cuir Clib Leis
Gan Chlibeanna, Bí ar an gcéad duine leis an taifead seo a chlibeáil!
Thư viện lưu trữ: Trung tâm Học liệu Trường Đại học Cần Thơ
LEADER 00517nam a2200157Ia 4500
001 CTU_79050
008 210402s9999 xx 000 0 und d
082 |a 338.9 
082 |b S416 
245 0 |a Science and technology policy for the 1980s 
260 |a Washington, D.C. 
260 |b Organisation for Economic Co-operation and Development 
260 |c 1981 
650 |a Science,Science and state,Technology and state 
650 |x International cooperation 
980 |a Trung tâm Học liệu Trường Đại học Cần Thơ